Kết quả điều tra, đánh giá nước dưới đất ở một số vùng trọng điểm /

Đã lưu trong:
Sonraí Bibleagrafaíochta
Príomhúdar: Quang Minh.
Formáid: Bài viết
Teanga:Vietnamese
Ábhair:
Clibeanna: Cuir Clib Leis
Gan Chlibeanna, Bí ar an gcéad duine leis an taifead seo a chlibeáil!
Thư viện lưu trữ: Thư viện Trường Đại học Đà Lạt
LEADER 00803nam a2200289 4500
001 DLU060053694
040 # # |a DLU  |b vie 
041 # # |a vie 
044 # # |a vn 
100 # # |a Quang Minh. 
245 # # |a Kết quả điều tra, đánh giá nước dưới đất ở một số vùng trọng điểm /  |c Quang Minh. 
653 # # |a Đất 
653 # # |a Dự án 
653 # # |a Môi trường 
653 # # |a Nước 
773 # # |t Tài nguyên và môi trường  |g Số 5, 2006, tr. 25-26 
920 # # |a Phòng Tạp chí -- Trung tâm Thông tin - Thư viện Trường Đại học Đà Lạt 
933 # # |a MT 
994 # # |a DLU 
900 # # |a True 
911 # # |a Nguyễn Thị Minh Cầm 
925 # # |a G 
926 # # |a A 
927 # # |a BB 
980 # # |a Thư viện Trường Đại học Đà Lạt